Multiple Choice City Quiz – Nuuk - Statistics

General Stats
  • This quiz has been taken 480 times
  • The average score is 5 of 10
Answer Stats
Question Answer % Correct
Which political issue has been widely discussed in Nuuk in recent years? Full independence from Denmark
92%
Which indigenous people traditionally inhabit Nuuk ? Inuit
83%
Which biome does Nuuk belong to? Tundra
68%
Which European country established the first colonial settlement in Nuuk? Denmark
65%
What is the dominant religion in Nuuk today? Lutheranism
65%
What is the official language spoken in Nuuk? Greenlandic
59%
In 2024, what event followed President Donald Trump’s renewed interest in acquiring Greenland in Nuuk? A visit from Donald Trump Jr.
42%
Who founded the colonial settlement of Nuuk in 1728? Hans Egede
21%
What body of water is Nuuk located on? Davis Strait
17%
How many months of midnight sun does Nuuk experience each year? 0
7%
No matching quizzes found
Score Distribution
Percent of People with Each Score
Percentile by Number Answered
Your Score History
You have not taken this quiz